000 01142nam a2200277 4500
001 0000021945
003 CO-CtgCURN
005 20250506215346.0
008 160627s2005 000 0 eng d
020 _a8466315454
040 _aCO-CtgCURN
_bspa
_ccoctgcurn
082 0 _a863
_bA973i
100 1 _aAyala, Francisco Javier de,
_d1906-2009.
245 1 3 _aLa invencion del quijote :
_bcomo problema tecnico-literario /
_cpor Francisco Ayala.
250 _a2a ed.
260 _aMadrid :
_bLitografia roses,
_c2005.
300 _a364 p.
336 _2rdacontent
337 _2rdamedia
_asin mediacion
_bn
338 _2rdacarrier
_avolumen
_bnc
505 8 _aUn caballero cervantino.--Cervantes y yo.--Don quijote de la mancha.--Un destino y un heroe.--La invencion del quijote.--Cervantes, abyecto y ejemplar.--Letras de cambio en el siglo de oro.--Experiencia viva y creacion poetica un problema del quijote
600 1 0 _aCervantes Saavedra, Miguel de
_xCritica e interpretacion .,
_d1547-1616.
908 _a160627
942 _cBK
_h863
_iA973i
_2ddc
999 _c48406
_d48406
_x1